Catalog

Record Details

Catalog Search



The Montessori collection  Cover Image Book Book

The Montessori collection

Record details

  • Physical Description: 105 s. : bar. for. v textu ; 30 cm
  • Publisher: Zelhem : Nienhuis Groep, [po 1980]

Content descriptions

General Note:
Obsahuje rejstř.

Available copies

  • 1 of 1 copy available at Common Catalog SPOK.

Holds

  • 0 current holds with 1 total copy.
Show All Copies
Location Call Number / Copy Notes Barcode Shelving Location Status Due Date
Jabok Library Ped-6.2 424480004101 Odborná literatura Available -

LDR 00532nam a22 a 4500
0017180
003CZ-PrJAB
00520210406061623.0
008000531q1980 ne e |||| |eng
035 . ‡a(CONS)7180
035 . ‡aKPS0006633
040 . ‡aABG312 ‡bcze
0410 . ‡aeng
24514. ‡aThe Montessori collection
260 . ‡aZelhem : ‡bNienhuis Groep, ‡c[po 1980]
300 . ‡a105 s. : ‡bbar. for. v textu ; ‡c30 cm
500 . ‡aObsahuje rejstř.
6530 . ‡amontessoriovská pedagogika ‡aučební pomůcky
910 . ‡aABG312
995 . ‡aska
901 . ‡a7180 ‡bCZ-PrJAB ‡c7180 ‡tbiblio

Additional Resources